00438nam a2200157Ia 45000010006000000050017000060080041000230410008000640820015000721000037000872450103001242600009002273000028002366500008002646540008002722057420260306172816.0260306t2021||||xx |||||||||||||| ||spa|| aESP a343.4bM26 aMardon Zárate, Guillermo,eAUT 0a¿Reforma o revolución?los dilemas del debate para una reforma constitucional en el Bicentenario c2021 a247 páginas :c24 cm. aGEN aCDE